Milwaukee Bucks Nicknames - Statistics

General Stats
  • This quiz has been taken 1,019 times
    494 since last reset
  • The average score is 6 of 8
Answer Stats
Nickname Tenure Player % Correct
The Greek Freak 2013– Giannis Antetokounmpo
99%
Khash Money 2013–2025 Khris Middleton
91%
The Big O 1970–1974 Oscar Robertson
87%
Splash Mountain 2018–2025 Brook Lopez
81%
Jesus Shuttlesworth 1996–2003 Ray Allen
66%
Sid the Squid 1979–1989 Sidney Moncrief
60%
Crazy Eyes 2020– Bobby Portis
57%
Big Dog 1994–2002 Glenn Robinson
29%
No matching quizzes found
Score Distribution
Percent of People with Each Score
Percentile by Number Answered
Your Score History
You have not taken this quiz since the last reset